| 000 | 01485nam a2200301Ia 4500 | ||
|---|---|---|---|
| 005 | 20220317001443.0 | ||
| 008 | 161108s2008 mx a g 000 f s | ||
| 020 | _a9789681685379 | ||
| 100 | 1 |
_aFunke, Cornelia _d1958- |
|
| 245 | 1 | 0 |
_aCorazón de tinta _cCornelia Funke ; traducción Rosa Pilar Blanco |
| 250 | _aPrimera edición, octava reimpresión | ||
| 300 |
_a606 páginas _bilustraciones en blanco y negro _c20 cm |
||
| 520 | _aMeggie, una niña de doce años, vive con su padre, encuadernador de libros antiguos, y una noche aparece en su casa un extraño personaje, Dedo Polvoriento, que advierte a su padre del peligro que corren porque Capricornio les persigue. Más avanzada la novela, entendemos que el padre tiene el curioso poder de dar vida o sacar delos libros a algunos personajes, y que algunos malvadísimos personajes le persiguen sin tregua. | ||
| 534 | _bTintenherz | ||
| 650 | 1 | 4 |
_2LEMB _aNovela juvenil alemana _ySiglo XX |
| 650 | 1 | 4 |
_2LEMB _aLiteratura juvenil alemana _ySiglo XX |
| 650 | 1 | 4 |
_2LEMB _aMagia en la literatura |
| 650 | 1 | 4 |
_2LEMB _aBien y mal en la literatura |
| 650 | 1 | 4 |
_2LEMB _aBrujos en la literatura |
| 700 | 1 |
_aBlanco, Rosa Pilar _etraductora _9100193 |
|
| 942 |
_2loc _cBKLIT |
||
| 264 |
_aMéxico _bFondo de Cultura Económica _bEdiciones Siruela _c2008 |
||
| 336 |
_atexto _btxt _2rdacontent |
||
| 337 |
_asin mediación _bn _2rdamedia |
||
| 338 |
_avolumen _bnc _2rdacarrier |
||
| 040 |
_aCO-BoRNBP _bspa _erda _cCO-BoRNBP |
||
| 084 | _aN FUN1 | ||
| 999 |
_c7028 _d7028 |
||